000 00477nam a22001817a 4500
001 TVUNI
005 20260126014655.0
008 221102s2007 vm vie d
020 _c35000
040 _aTVUNI
_eAACR2
041 0 _avie
100 1 _aLê, Xuân Trường
245 1 0 _aCâu hỏi và bài tập môn thuế /
_cLê Xuân Trường
260 _aHà Nội :
_bTài Chính,
_c2007
300 _a223 tr. ;
_c21 cm.
942 _2ddc
_cBK
999 _c2834
_d2834
912 _a1
_bHiển Phạm